Words that End in "-enge" - Statistics

General Stats
  • This quiz has been taken 190 times
  • The average score is 3 of 6
Answer Stats
Answer % Correct
Revenge
77%
Henge
69%
Avenge
54%
Challenge
30%
Lozenge
25%
Scavenge
11%
No matching quizzes found
Score Distribution
Percent of People with Each Score
Percentile by Number Answered
Your Score History
You have not taken this quiz